Pozornosť hlavnému mestu SSR Včera bolo v Bratislave 4. zasadnutie predsedníctva SÚV ČSZTV

Bibliographic Details
Main Author: (rz) (Author)
Format: Article
Language:Slovak
Subjects:

MARC

LEADER 00000nab a2200000 a 4500
001 vtls000349717
003 SK-MaSNL
005 20260303042942.0
008 111201c1989 xo 0 slo
015 |a SNBRB19rr/mm-uuuuu 
035 |a CL0349839 
040 |a SNKBUCL  |b slo  |c SNKBUCL  |e AACR2 
041 0 |a slo 
044 |a xo  |c SK 
080 |a 796.062(437):061.3  |2 1981 
080 |a 061.3  |2 1981 
100 1 |a (rz)  |4 aut  |9 938042 
245 1 0 |a Pozornosť hlavnému mestu SSR  |b Včera bolo v Bratislave 4. zasadnutie predsedníctva SÚV ČSZTV  |c (rz) 
650 0 7 |a Československý zväz telesnej výchovy  |2 snkbucl  |9 604908 
655 7 |a články z novín a časopisov  |2 snkbucl  |9 267496 
773 0 |t Šport  |g Roč. 43, č. 92 (19. 4. 1989), s. 1 
850 |a Slovenská národná knižnica v Martine  |a MTA001 
852 |a SNK  |b KIS3GCP 
958 |a RK 
992 |a RBX 
999 |c 1694690  |d 1696620